000 00629nam a2200241Ia 4500
005 20250425162740.0
008 250425s9999 xx 000 0 und d
020 _a0812929004
041 _aeng
082 _a658.15
100 _aSLYWOTZKY, ADRIAN J.
245 0 _aTHE PROFIT ZONE HOW STRATEGIC BUSINESS DESING WILL LEAD YOU TO TOMORROW'S PROFITS
250 _aS.E.
260 _aEstados Unidos
_bTIMES BUSINESS
_c1998
260 _aNEW YORK
300 _a342
650 _aADMINISTRACION
650 _aCOMPETICION
650 _aEXITO EMPRESARIAL
710 _aTIMES BUSINESS
942 _c01
010 _a104642
999 _c235629
_d235629